000 01188nam0a22003011 4500
001 v19\rc\1914833
005 20251118180614.2
035 _a(NLR Aleph) 005002568
090 _a6402094
_c6402094
100 _a20080404d1911 u y0rusy50 ca
101 1 _arus
_cger
102 _aRU
105 _aa z |||||
200 1 _aБолезни верхних дыхательных путей
_eИз практики для практики
_fMoritz Schmidt, проф. Берлин. ун-та
_gПер. и ред. д-ра мед. П.К. Галлера с 4 нем. изд., перераб. проф. д-ром Edmund'ом Meyer'ом в Берлине
210 _aСаратов
_cизд. д-ра мед. П.К. Галлер
_d1911
215 _aX, 699 с., 4 л. цв. табл.
_cил.
_d26
700 1 _aШмидт
_bМ.
_f1838-1907
_gМориц
702 1 _aГаллер
_bП.К.
_4730
_4340
702 1 _aМейер
_bЭ.
_gЭдмунд
_4570
801 0 _aRU
_bNLR
_gpsbo
801 0 _aRU
_bRuMoRGB
_2psbo
801 1 _aRU
_bProSoft-M
_2rusmarc
852 _aNLR
_j18.77.7.35
852 _aNLR
_j132/5371
899 _aRuMoRGB
_jU 83/172
899 _aRuMoRGB
_jU 432/206
942 _cBOOK
980 _aNB